| 000 | 00339nam a22001217a 4500 | ||
|---|---|---|---|
| 008 | 180425b xxu||||| |||| 00| 0 eng d | ||
| 041 | _aeng | ||
| 080 | _a043.3 | ||
| 100 | _a0 | ||
| 101 | _aSHKI-BA | ||
| 245 |
_aAnalizimi dhe Krahasimi i Proceseve te Pagesave dhe Implementimi i Stripe dhe Authorize.net _cBegisholli, B |
||
| 942 |
_2udc _cBK |
||
| 999 |
_c45490 _d45490 |
||